000 00246nam a22001217a 4500
008 180314b xxu||||| |||| 00| 0 eng d
041 _aeng
080 _a7
100 _a42
101 _aART
245 _aVAN GOGH
_cWIGHT.F.S
942 _2udc
_cBK
999 _c45037
_d45037